Statistics for NBA2k21 ratings

Click here to take the quiz!

General Stats

  • This quiz has been taken 316 times
    (307 since last reset)
  • The average score is 22 of 35

Answer Stats

HintAnswer% Correct
97LeBron James
100%
95Stephen Curry
96%
95Kevin Durant
90%
97Giannis Antetokounmpo
86%
96James Harden
84%
96Kawhi Leonard
82%
95Anthony Davis
81%
90Nikola Jokic
79%
94Damian Lillard
78%
91Joel Embiid
78%
94Luka Doncic
78%
90Kyrie Irving
74%
88Russell Westbrook
73%
87Devin Booker
70%
89Klay Thompson
70%
88Chris Paul
69%
90Paul George
69%
89Jimmy Butler
67%
89Jayson Tatum
64%
86Zion Williamson
61%
88Trae Young
59%
88Bradley Beal
55%
88Donovan Mitchell
53%
90Karl-Anthony Towns
50%
87Ben Simmons
48%
87Rudy Gobert
47%
86DeMar DeRozan
45%
86Bam Adebayo
42%
86Khris Middleton
42%
86Kemba Walker
35%
86Brandon Ingram
33%
87Kyle Lowry
32%
87Kristaps Porzingis
31%
88Pascal Siakam
29%
86Nikola Vucevic
19%

Score Distribution

Percentile by Number Answered

Percent of People with Each Score

Your Score History

You have not taken this quiz since the last reset